5HLuxD.jpg

KING HENRY VIII SENIOR AND PRIMARY SCHOOL LIBRARY OPAC

Varmints / (Record no. 2470)

000 -LEADER
fixed length control field 01060pam a2200325 i 4500
001 - CONTROL NUMBER
control field 019516457
003 - CONTROL NUMBER IDENTIFIER
control field UkOxU
005 - DATE AND TIME OF LATEST TRANSACTION
control field 20230602124245.0
008 - FIXED-LENGTH DATA ELEMENTS--GENERAL INFORMATION
fixed length control field 130225r20132007enka j 000 1 eng d
015 ## - NATIONAL BIBLIOGRAPHY NUMBER
National bibliography number GBB320509
Source bnb
020 ## - INTERNATIONAL STANDARD BOOK NUMBER
International Standard Book Number 9781848775053 (pbk.) :
035 ## - SYSTEM CONTROL NUMBER
System control number (Uk)016295488
040 ## - CATALOGING SOURCE
Original cataloging agency StDuBDS
Language of cataloging eng
Transcribing agency StDuBDS
Modifying agency Uk
-- KH8
Description conventions rda
042 ## - AUTHENTICATION CODE
Authentication code ukblcatcopy
082 04 - DEWEY DECIMAL CLASSIFICATION NUMBER
Classification number 823.92 WAR
Edition number 23
100 1# - MAIN ENTRY--PERSONAL NAME
Personal name Ward, Helen,
Dates associated with a name 1962-
Relator term author.
245 10 - TITLE STATEMENT
Title Varmints /
Statement of responsibility, etc. author, Helen Ward ; illustrator, Marc Craste.
264 #1 - PRODUCTION, PUBLICATION, DISTRIBUTION, MANUFACTURE, AND COPYRIGHT NOTICE
Place of production, publication, distribution, manufacture Dorking :
Name of producer, publisher, distributor, manufacturer Templar Publishing,
Date of production, publication, distribution, manufacture, or copyright notice 2013.
300 ## - PHYSICAL DESCRIPTION
Extent 1 volume (unpaged) :
Other physical details chiefly illustrations (colour) ;
Dimensions 32 cm
336 ## - CONTENT TYPE
Content type term text
Source rdacontent
336 ## - CONTENT TYPE
Content type term still image
Source rdacontent
337 ## - MEDIA TYPE
Media type term unmediated
Source rdamedia
338 ## - CARRIER TYPE
Carrier type term volume
Source rdacarrier
500 ## - GENERAL NOTE
General note Originally published: 2007.
500 ## - GENERAL NOTE
General note Formerly CIP.
Institution to which field applies Uk
650 #0 - SUBJECT ADDED ENTRY--TOPICAL TERM
Topical term or geographic name entry element Landscape protection
Form subdivision Pictorial works
-- Juvenile fiction.
655 #7 - INDEX TERM--GENRE/FORM
Genre/form data or focus term Children's stories
Form subdivision Pictorial works.
Source of term gsafd
700 1# - ADDED ENTRY--PERSONAL NAME
Personal name Craste, Marc,
Relator term artist.
942 ## - ADDED ENTRY ELEMENTS (KOHA)
Source of classification or shelving scheme
Koha item type Books - Non Ficton
Holdings
Withdrawn status Lost status Source of classification or shelving scheme Damaged status Not for loan Collection code Permanent Location Current Location Shelving location Date acquired Total Checkouts Full call number Barcode Date last seen Date last checked out Price effective from Koha item type Date due
          Non-Fiction KH8 Primary School Library KH8 Primary School Library Non Fiction 2023-06-02 1 823.92 WAR KHPL000004219 2025-12-05 2023-06-21 2023-06-02 Books - Non Ficton  
          Non-Fiction KH8 Primary School Library KH8 Primary School Library Non Fiction 2023-06-02 3 823.92 WAR KHPL000004220 2025-12-05 2025-10-16 2023-06-02 Books - Non Ficton  
          Non-Fiction KH8 Primary School Library KH8 Primary School Library Non Fiction 2023-06-02 2 823.92 WAR KHPL000004221 2025-12-05 2023-06-16 2023-06-02 Books - Non Ficton  
          Non-Fiction KH8 Primary School Library KH8 Primary School Library Non Fiction 2023-06-02 4 823.92 WAR KHPL000004222 2026-04-07 2026-04-07 2023-06-02 Books - Non Ficton 2026-04-15
          Non-Fiction KH8 Primary School Library KH8 Primary School Library Non Fiction 2023-06-02 2 823.92 WAR KHPL000004223 2025-12-05 2023-06-16 2023-06-02 Books - Non Ficton  

Powered By KH8 IT Dept